Fantastic Four Characters! - Statistics

General Stats
  • This quiz has been taken 215 times
    122 since last reset
  • The average score is 7 of 8
Answer Stats
Hint Name % Correct
Reed Richards Mr. Fantastic
99%
Victor Von Doom Dr. Doom
98%
Johnny Storm Human Torch
98%
Susan Storm Invisible Woman
98%
Ben Grimm Thing
98%
Eats planets Galactus
88%
Herald of above^ Silver Surfer
86%
Their robot friend H.E.R.B.I.E.
58%
No matching quizzes found
Score Distribution
Percent of People with Each Score
Percentile by Number Answered
Your Score History
You have not taken this quiz since the last reset